| 000 | 01461nam a2200325 i 4500 | ||
|---|---|---|---|
| 003 | EG-ScBUE | ||
| 005 | 20240128102258.0 | ||
| 008 | 100805s1992 ua r000f 000 0dara dara d | ||
| 017 | _a1992 / 5326 | ||
| 040 |
_aEG-ScBUE _bara _erda _cEG-ScBUE _dEG-ScBUE |
||
| 043 | _af-ua--- | ||
| 082 | 0 | 4 |
_a962.05308913 _bك ش ك _222 |
| 100 | 1 |
_917105 _aكشك، محمد جلال، _eمؤلف. |
|
| 245 | 1 | 0 |
_aثورة يوليو الأمريكية : _bعلاقة عبد الناصر بالمخابرات الأمريكية / _cمحمد جلال كشك. |
| 250 | _aالطبعة الثالثة. | ||
| 264 | 1 |
_aالقاهرة : _bمكتبة التراث الإسلامي، _c1992. |
|
| 300 |
_a697 صفحة ؛ _c24 سم. |
||
| 336 |
_2rdacontent _aنص _btxt |
||
| 337 |
_aبدون وسيط _2rdamedia _bn |
||
| 338 |
_aمجلد _bnc _2rdacarrier |
||
| 490 | 0 | _aالمكتبة الثقافية | |
| 541 |
_a؛ألف باء _c؛شراء |
||
| 600 | 1 | 7 |
_2BUEsh _aعبد الناصر، جمال، _d1918-1970. |
| 651 | 7 |
_aمصر _xتاريخ _yالعصر الحديث _yجمال عبد الناصر (1954-1970). _2BUEsh |
|
| 651 | 7 |
_aمصر _xسياسة وحكومة _y1952-1970. _2BUEsh |
|
| 651 | 7 |
_aمصر _xعلاقات خارجية _zالولايات المتحدة الامريكة. _2BUEsh |
|
| 651 | 7 |
_aالولايات المتحدة الامريكية _xعلاقات خارجية _zمصر. _2BUEsh |
|
| 655 | _vReading book | ||
| 942 |
_2ddc _cBB |
||
| 999 |
_c14618 _d14618 |
||